000 00619nam a22002057a 4500
999 _c5317
_d5317
003 AR-CdUCM
008 190312b ||||| |||| 00| 0 spa d
040 _aMUNICIPALIDAD PROVINCIAL DEL CUSCO
_cBIBLIOTECA MUNICIPAL DEL CUSCO
082 _a869.008 /
_bJ92
100 _aJurado, Alicia
_916075
245 _aGenio y figura de Jorge Luis Borges /
260 _aBuenos Aires :
_bUniversitaria,
_c1964.
300 _a189 páginas ;
_c18 cm.
500 _aDonación familia Nieto
650 _aPoemas
_9929
650 _aVida y obra
_914391
650 _aJorge Luis Borges
_916076
942 _2ddc
_cLIBROS
945 _aafb